Five Most Populous Cities In Each Oceanic Country - Statistics

General Stats
  • This quiz has been taken 16 times
  • The average score is 20 of 70
Answer Stats
Answer % Correct
1,463,000 Auckland
100%
4,901,863 Melbourne
100%
2,099,530 Perth
100%
4,959,107 Sydney
100%
215,900 Wellington
100%
2,495,825 Brisbane
93%
1,359,087 Adelaide
87%
380,600 Christchurch
87%
77,366 Suva
87%
40,407 Apia
73%
56,298 Honiara
73%
283,733 Port Moresby
73%
4,492 Funafuti
60%
40,311 Tarawa
60%
25,400 Majuro
53%
22,400 Nuku'alofa
53%
35,901 Port Vila
53%
1,100 Yaren
53%
178,500 Hamilton
47%
76,255 Lae
47%
14,000 Koror
33%
42,284 Nadi
33%
155,200 Tauranga
27%
52,500 Lautoka
20%
13,856 Weno
20%
14,596 Ba
13%
12,509 Betio Village
13%
7,371 Colonia
13%
6,074 Kolonia
13%
27,949 Labasa
13%
13,397 Luganville
13%
33,623 Mount Hagen
13%
320 Angaur
7%
40,266 Arawa
7%
2,381 Arijejen
7%
2,068 Arno
7%
6,643 Asau
7%
7,882 Auki
7%
2,766 Bairiki Village
7%
6,170 Bikenibeu Village
7%
950 Boe
7%
1,804 Denigomodu
7%
15,000 Ebaye
7%
2,592 Faleula
7%
7,177 Gizo
7%
3,417 Haveluloto
7%
1,437 Isangel
7%
1,200 Jabor
7%
3,500 Kirakira
7%
702 Kloulklubed
7%
8,000 Lapaha
7%
10,532 Malango
7%
1,400 Menen
7%
488 Mengellang
7%
506 Motufoua School
7%
4,508 Mulifanua
7%
4,320 Neiafu
7%
995 Nema
7%
2,998 Norsup
7%
28,198 Popondetta
7%
1,951 Port-Olry
7%
586 Savave Village
7%
2,226 Siusega
7%
408 Tanrake Village
7%
3,000 Tatakamotonga
7%
3,939 Teaoraereke Village
7%
439 Teava Village
7%
9,686 Tofol
7%
581 Ulimang
7%
880 Wotje
7%
No matching quizzes found
Score Distribution
Percent of People with Each Score
Percentile by Number Answered
Your Score History
You have not taken this quiz